书目信息 |
| 题名: |
长笛基础练习
|
|
| 作者: | 格拉夫 , Graf 著 ;张奕明 译 | |
| 分册: | ||
| 出版信息: | 上海 上海音乐出版社 2006 |
|
| 页数: | 45页 | |
| 开本: | 31cm | |
| 丛书名: | ||
| 单 册: | ||
| 中图分类: | J621.16 | |
| 科图分类: | ||
| 主题词: | 长笛--吹奏法--教材 , 长笛 , 吹奏法 | |
| 电子资源: | ||
| ISBN: | 7-80667-803-4 | |
| 000 | 01032nam0 2200289 450 | |
| 001 | 012007794165 | |
| 005 | 20070525155126.57 | |
| 010 | @a7-80667-803-4@dCNY14.00 | |
| 100 | @a20070517d2006 km y0chiy0120 ea | |
| 101 | 1 | @achi@cger |
| 102 | @aCN@b310000 | |
| 105 | @ay z 000yy | |
| 106 | @ar | |
| 200 | 1 | @a长笛基础练习@Achang di ji chu lian xi@f(瑞士)彼得-卢卡斯·格拉夫(Peter-Lukas Graf)著@F(rui shi)bi de-lu ka si·ge la fu(Peter-Lukas Graf)zhu@g张奕明译@Gzhang yi ming yi |
| 210 | @a上海@c上海音乐出版社@d2006 | |
| 215 | @a45页@d31cm | |
| 306 | @a朔特音乐国际出版 (有限) 公司提供版权 | |
| 330 | @a本书根据作者五十年演奏经验所归纳的长笛演奏的7条黄金准则与20条针对性很强的每日基础练习,是长笛演奏者的必修教程。 | |
| 606 | 0 | @a长笛@x吹奏法@j教材 |
| 606 | 0 | @a长笛 |
| 606 | 0 | @a吹奏法 |
| 690 | @aJ621.16@v4 | |
| 701 | 1 | @c(瑞士)@a格拉夫@Age la fu@b彼得-卢卡斯@4著 |
| 701 | 1 | @c(瑞士)@aGraf@bPeter-Lukas@4著 |
| 702 | 0 | @a张奕明@Azhang yi ming@4译 |
| 801 | 0 | @aCN@bRULIN@c20070525 |
| 905 | @dJ621.16@e171@s8 | |
| 长笛基础练习/(瑞士)彼得-卢卡斯·格拉夫(Peter-Lukas Graf)著/张奕明译.-上海:上海音乐出版社,2006 |
| 45页;31cm |
| ISBN 7-80667-803-4:CNY14.00 |
| 本书根据作者五十年演奏经验所归纳的长笛演奏的7条黄金准则与20条针对性很强的每日基础练习,是长笛演奏者的必修教程。 |
| ● |
| 相关链接 |
|
|
|
|
正题名:长笛基础练习
索取号:J621.16/171
 
预约/预借
| 序号 | 登录号 | 条形码 | 馆藏地/架位号 | 状态 | 备注 |
| 1 | 0581221 | 205812218 | 第一样本阅览室/ [索取号:J621.16/171] | 在馆 | |
| 2 | 0581222 | 205812227 | 第一借阅区/ [索取号:J621.16/171] | 在馆 | |
| 3 | 0581223 | 205812236 | 第一借阅区/ [索取号:J621.16/171] | 在馆 | |
| 4 | 0581224 | 205812245 | 第一借阅区/ [索取号:J621.16/171] | 在馆 | |
| 5 | 0581225 | 205812254 | 第一借阅区/ [索取号:J621.16/171] | 在馆 | |
| 6 | 0581226 | 205812263 | 第一借阅区/ [索取号:J621.16/171] | 在馆 | |
| 7 | 0581227 | 205812272 | 第一借阅区/ [索取号:J621.16/171] | 在馆 | |
| 8 | 0581228 | 205812281 | 第一借阅区/ [索取号:J621.16/171] | 在馆 |